| 000 | 01010ata a2200409 4500 | ||
|---|---|---|---|
| 005 | 20250207125513.0 | ||
| 008 | 150514b2003 xxu||||| |||| 00| 0 spa d | ||
| 041 | _aESP | ||
| 082 | _aR 100 A881a | ||
| 100 | _aGay, José | ||
| 245 | _aAtlas universal de filosofía: manual didáctico de autores textos, escuelas y conceptos filosóficos | ||
| 260 |
_aEspaña _bOcéano _c2003 |
||
| 300 | _a1035 páginas | ||
| 650 | _aFILOSOFÍA | ||
| 650 | _aCHAMANISMO | ||
| 650 | _aHOMERO | ||
| 650 | _aARITMOGEOMETRÍA | ||
| 650 | _aPLATÓN | ||
| 650 | _aEDAD MEDIA | ||
| 650 | _aRENACIMIENTO | ||
| 650 | _aGRECIA | ||
| 650 | _aSOCIEDAD JONICA | ||
| 650 | _aSOFISTAS | ||
| 650 | _aSOCRATES | ||
| 650 | _aMAYEUTICA | ||
| 650 | _aEMPIRISMO | ||
| 650 | _aPOSITIVISMO | ||
| 650 | _aPSICOANÁLISIS | ||
| 650 | _aMETAFÍSICA | ||
| 650 | _aDESCARTES | ||
| 650 | _aFREUD | ||
| 650 | _aCARISMO | ||
| 650 | _aSAN AGUSTÍN | ||
| 650 | _aHOMBRE SALVAJE | ||
| 650 | _aALMA | ||
| 942 |
_cREF _2ddc |
||
| 999 |
_c5486 _d5486 |
||